A MANUAL ON CLINICAL SURGERY (Record no. 20971)

MARC details
000 -LEADER
fixed length control field 00328nam a22001577a 4500
003 - CONTROL NUMBER IDENTIFIER
control field SGT
020 ## - INTERNATIONAL STANDARD BOOK NUMBER
International Standard Book Number 9788190568104
082 ## - DEWEY DECIMAL CLASSIFICATION NUMBER
Classification number 617
Item number M19D
100 ## - MAIN ENTRY--PERSONAL NAME
Personal name DAS,S.
245 ## - TITLE STATEMENT
Title A MANUAL ON CLINICAL SURGERY
250 ## - EDITION STATEMENT
Edition statement 14TH
260 ## - PUBLICATION, DISTRIBUTION, ETC. (IMPRINT)
Place of publication, distribution, etc INDIA
Name of publisher, distributor, etc S.D. PUB
Year of Publication 2019
300 ## - PAGE DESCRIPTION
No. of Pages 648
650 ## - SUBJECT ADDED ENTRY--TOPICAL TERM
Topical term or geographic name as entry element SURGERY
942 ## - ADDED ENTRY ELEMENTS (KOHA)
Source of classification or shelving scheme Dewey Decimal Classification
Koha item type Books
942 ## - ADDED ENTRY ELEMENTS (KOHA)
-- 120
Holdings
Withdrawn status Lost status Source of classification or shelving scheme Damaged status Not for loan Collection code Home library Current library Shelving location Date acquired Vendor Name Cost, normal purchase price SGTU Bill Number Total Checkouts Full call number Accession No. (Barcode) Date last seen Date last borrowed Bill Date Koha item type
    Dewey Decimal Classification     MEDICAL SGT Medical Library SGT Medical Library Text Book 26/03/2021 ABC DELHI 1120.00 SGTU 12725 32 617 M19D FM12276 30/05/2026 16/05/2026 19/02/2021 Books
    Dewey Decimal Classification     MEDICAL SGT Medical Library SGT Medical Library Text Book 26/03/2021 ABC DELHI 1120.00 SGTU 12725 31 617 M19D FM12277 17/07/2025 27/06/2025 19/02/2021 Books
    Dewey Decimal Classification     MEDICAL SGT Medical Library SGT Medical Library Text Book 26/03/2021 ABC DELHI 1120.00 SGTU 12725 32 617 M19D FM12278 08/05/2024 30/04/2024 19/02/2021 Books
    Dewey Decimal Classification     MEDICAL SGT Medical Library SGT Medical Library Text Book 26/03/2021 ABC DELHI 1120.00 SGTU 12725 24 617 M19D FM12279 16/07/2025 12/07/2025 19/02/2021 Books
    Dewey Decimal Classification     MEDICAL SGT Medical Library SGT Medical Library Text Book 26/03/2021 ABC DELHI 1120.00 SGTU 12725 26 617 M19D FM12280 25/09/2024 12/09/2024 19/02/2021 Books